000
00234nam a2200097Ia 4500
008
240331s9999 xx 000 0 und d
082
_b
FOR
100
_a
Forth, M.K
245
0
_a
Marxiya moola noolkalukku vasagar valikaddikal
942
_c
L
999
_c
3598
_d
3598